• 首页
  • 本馆介绍
  • 公告通知
  • 最新文献
  • 馆藏检索
  • 电子资源
  • 读者导购
  • 参考咨询
  • 我的图书馆
  • 登录
  • 详细信息显示
  • 放入我的书架
  • 预约/预借图书
  • 作者相关作品
  • 分类相关作品
  • 丛书相关作品
  • 出版社相关作品

书目信息

  • 表格格式
  • 工作单格式
  • 卡片格式
题名:
中药配制学
    
 
作者: 徐楚江
分册:  
出版信息: 上海   上海科学技术出版社  1985.05
页数: 188页
开本: 16开
丛书名:
单 册:
中图分类: R943.1-43
科图分类:
主题词: 药剂学
电子资源:
ISBN: 7-5323-0498-1
000 00513nam0 2200181 45
001 9911301546
005 19991130154051.0
010    @a7-5323-0498-1@d2.25
100    @a19991130d1985 km y0chiy0120 ea
101    @achi
105    @a z 000yy
200 1  @a中药配制学@AZhong Yao Pei Zhi Xue@f徐楚江@FXu Chu Jiang
210    @a上海@c上海科学技术出版社@d1985.05
215    @a188页@c无图表@d16开
606 0  @a药剂学
690    @aR943.1-43@v3
801    @aCN@bPerfectUser@c19991130
905    @aBZT@b25369@f1@dR943.1-43@e1
    
    中药配制学/徐楚江.-上海:上海科学技术出版社,1985.05
    188页:无图表;16开
    
    
    ISBN 7-5323-0498-1:2.25
    
●
相关链接 在五车中查询图书 在当当中查询图书 在豆瓣中查询图书


正题名:中药配制学     索取号:R943.1-43/1         预约/预借

序号 登录号 条形码 馆藏地/架位号 状态 备注
1 25369   200541618   中心书库中库/ 中库015架A面5列1层2/ [索取号:R943.1-43/1] 在馆    
山东省滨州职业学院图书馆 欢迎您!
大连网信软件有限公司© 版权所有